000 00583nam a2200169 i 4500
001 22861
003 ES-MaACL
005 20230906152752.0
007 t|
008 021205s1963 sp ||||1| spa d
100 1 _aAltuna Echave, Jesús.
_920564
245 1 3 _aEl origen de la vida
_b: discurso inaugural pronunciado en la... apertura del curso 1963-64 /
_cJesús Altuna Echave.
260 _aSan Sebastián :
_bSeminario Diocesano,
_c[1963]
300 _a32 p. :
_bil. ;
_c24 cm.
710 2 _aSeminario Diocesano de San Sebastián.
_96562
852 _aES-MaACL
_j2034-F-3
_bR.53015
999 _c22861
_d22861